| 000 | 01419cam a2200325 a 4500 | ||
|---|---|---|---|
| 999 |
_c531955 _d531955 |
||
| 001 | 15802397 | ||
| 003 | NUST | ||
| 005 | 20191105093449.0 | ||
| 008 | 090702s2010 mdua b 001 0 eng | ||
| 010 | _a 2009024469 | ||
| 020 | _a9780801894367 (hc : alk. paper) | ||
| 020 | _a9780801894374 (pbk. : alk. paper) | ||
| 020 | _a0801894360 (hc : alk. paper) | ||
| 020 | _a0801894379 (pbk. : alk. paper) | ||
| 035 | _a(OCoLC)ocn436309841 | ||
| 038 | _aMSOHAIL | ||
| 040 |
_aDLC _cDLC _dYDX _dBWX _dYDXCP _dCDX _dDLC |
||
| 050 | 0 | 0 |
_aTA633 _b.D425 2010 |
| 082 | 0 | 0 |
_a624.17 _222 |
| 100 | 1 |
_aDenny, Mark, _d1953- _925142 |
|
| 245 | 1 | 0 |
_aSuper structures : _bthe science of bridges, buildings, dams, and other feats of engineering / _cMark Denny. |
| 260 |
_aBaltimore, Md. : _bJohns Hopkins University Press, _c2010. |
||
| 300 |
_a266 p. : _bill. ; _c24 cm. |
||
| 504 | _aIncludes bibliographical references and index. | ||
| 505 | 0 | _aIntroduction: Heavyweight engineering -- Building blocks -- Truss in all things high -- Towers of strength -- Arches and domes -- A bridge too far -- Dam it -- The bigger they are, the harder they fall -- Afterword: Highbrow engineering, heavyweight art. | |
| 650 | 0 |
_aStructural engineering _vPopular works. _925143 |
|
| 906 |
_a7 _bcbc _corignew _d1 _eecip _f20 _gy-gencatlg |
||
| 942 |
_2ddc _cBK |
||